日本の暦の単語 - Statistics

General Stats
  • This quiz has been taken 477 times
  • The average score is 40 of 64
Answer Stats
種類 # 名前 % Correct
11 十二支 0
99%
12 十二支 1 うし
99%
13 十二支 2 とら
99%
14 十二支 3
99%
15 十二支 4 たつ
99%
16 十二支 5
99%
22 十二支 11
98%
17 十二支 6 うま
97%
18 十二支 7 ひつじ
97%
21 十二支 10 いぬ
97%
19 十二支 8 さる
96%
20 十二支 9 とり
96%
34 和風月名 12月 師走しわす
93%
32 和風月名 10月 神無月かんなづき
92%
27 和風月名 5月 皐月さつき
89%
24 和風月名 2月 如月きさらぎ
86%
23 和風月名 1月 睦月むつき
84%
25 和風月名 3月 弥生やよい
84%
28 和風月名 6月 水無月みなづき
82%
30 和風月名 8月 葉月はづき
82%
26 和風月名 4月 卯月うづき
80%
33 和風月名 11月 霜月しもつき
79%
31 和風月名 9月 長月ながつき
74%
29 和風月名 7月 文月ふみづき
70%
44 二十四節気 3/21 春分しゅんぶん
66%
50 二十四節気 6/21 夏至げし
66%
62 二十四節気 12/21 冬至とうじ
66%
56 二十四節気 9/23 秋分しゅうぶん
64%
3 十干 2 ひのえ
63%
39 六曜 4 大安たいあん
63%
41 二十四節気 2/4 立春りっしゅん
63%
59 二十四節気 11/7 立冬りっとう
61%
47 二十四節気 5/5 立夏りっか
60%
53 二十四節気 8/8 立秋りっしゅう
60%
38 六曜 3 仏滅ぶつめつ
59%
1 十干 0 きのえ
57%
64 二十四節気 1/21 大寒だいかん
55%
4 十干 3 ひのと
54%
9 十干 8 みずのえ
54%
10 十干 9 みずのと
54%
36 六曜 1 友引ともびき
53%
2 十干 1 きのと
52%
7 十干 6 かのえ
50%
43 二十四節気 3/5 啓蟄けいちつ
50%
35 六曜 0 先勝せんしょう
49%
63 二十四節気 1/5 小寒しょうかん
49%
5 十干 4 つちのえ
48%
6 十干 5 つちのと
48%
8 十干 7 かのと
48%
40 六曜 5 赤口しゃっこう
47%
52 二十四節気 7/23 大暑たいしょ
47%
37 六曜 2 先負せんぷ
46%
51 二十四節気 7/7 小暑しょうしょ
43%
54 二十四節気 8/23 処暑しょしょ
28%
61 二十四節気 12/7 大雪たいせつ
27%
60 二十四節気 11/22 小雪しょうせつ
25%
42 二十四節気 2/19 雨水うすい
20%
46 二十四節気 4/20 穀雨こくう
17%
58 二十四節気 10/24 霜降そうこう
17%
48 二十四節気 5/21 小満しょうまん
15%
45 二十四節気 4/5 清明せいめい
14%
55 二十四節気 9/8 白露はくろ
14%
49 二十四節気 6/6 芒種ぼうしゅ
13%
57 二十四節気 10/8 寒露かんろ
13%
No matching quizzes found
Score Distribution
Percent of People with Each Score
Percentile by Number Answered
Your Score History
You have not taken this quiz